Biblioteka Instytutu Północnego w Olsztynie

Widok standardowy Widok MARC

Pozycja Personal Name

Liczba rekordów, w których użyto hasła: 1

001 - Numer kontrolny

  • control field: 37609

003 - Identyfikator numeru kontrolnego

  • control field: NUKAT

005 - Data i czas ostatniej modyfikacji

  • control field: 20260306134802.0

008 - Dane kontrolne kodowane (40 znaków)

  • fixed length control field: 041201n||a|znnaabn |a aaa |c

010 ## - Numer kontrolny Biblioteki Kongresu

  • numer kontrolny LC: n 2004254544

024 7# - OTHER STANDARD IDENTIFIER

  • Standard number or code: 213702290
  • Source of number or code: viaf

040 ## - Instytucja sporządzająca rekord

  • inst. przygot. dane do rek. khw: POZN U/JJ
  • język haseł przedmiotowych/tezaurus: kaba
  • inst. wprow. rek. khw: POZN U/JJ

100 1# - Hasło - nazwa osobowa

  • nazwa osobowa w formie ujednoliconej: Ławicki, Józef.

670 ## - Źródło informacji

  • źródło informacji: Kp. Wypisy do tłómaczenia z niemieckiego na polskie i z polskiego na niemieckie / ułożone przez Józefa Ławickiego. - 4 wyd. popr. i pomn. krótką gramatyką, oraz kawałkami niemieckimi i polskimi / przez N.P. - Gniezno, 1872.

670 ## - Źródło informacji

  • źródło informacji: Estr XIX

675 ## - Źródło nie podające informacji

  • wskazanie źródła: http://alpha.bn.org.pl/
Biblioteka Instytutu Północnego, ul. Partyzantów 87, 10-402 Olsztyn, email: biblioteka(at)ip.olsztyn.pl